| 000 | 00466nam a2200181Ia 4500 | ||
|---|---|---|---|
| 001 | 17193 | ||
| 005 | 20260306170407.0 | ||
| 008 | 260306t2016||||xx |||||||||||||| ||und|| | ||
| 041 | _aESP | ||
| 082 |
_a657.61 _bA11 |
||
| 100 |
_aAbanto Bromley, Martha _eAUT |
||
| 245 | 0 | _aAplicación y análisis de las NIC / NIF y el impuesto a la renta | |
| 260 | _c2016 | ||
| 300 |
_a510 páginas : _c25 cm. |
||
| 650 | _aGEN | ||
| 654 | _aCCO | ||
| 942 |
_cLIB _dJUS _fJUS _2ddc _n |
||
| 999 |
_c17193 _d17193 |
||